01729nam a2200229 a 450000100100000000500170001000800410002702000180006804000250008608200200011110000230013124501050015426000380025930000210029749000420031850000740036050400310043450509360046565000220140165000340142383000420145700000267520260310120939.0090703s2009 dr 000 0 spa d z9789993495352 aDO-SdBNPbspacBNPHU a346.0482bA321m1 aAlarcón, Edynson10aManual de derecho de autor dominicano /cEdynson Alarcón ; presentación Fabio J. Guzmán Ariza. aSanto Domingo :bJudicial,c2009. a212 p. ;c23 cm.1 aGaceta judicial. Colección manuales aIncluye referencias bibliográficas y notas al pie de las páginas. aBibliografía: p. 211-2120 aAbreviaturas -- Presentación -- Prólogo -- Introducción al estudio del derecho de autor -- La originalidad como precepto definitorio básico del derecho de autor -- El autor y su obra -- De las obras complejas o en régimen de coautoria y la reglamentación especial a que han sido dometidas -- Los derechos morales -- Los derechos patrimoniales -- Limites y excepciones al libre ejercicio de los derechos de explotación en la legislación dominicana -- Derechos patrimoniales de simple remuneración -- Regímenes especiales para ciertas categorias de obras -- La obra plástica y sus extraoridinarias particularidades -- Los programas informáticos -- Las obras audiovisuales -- El contrato de edición en la legislación dominicana -- Reglamentación del sistema de derechos conexos -- La gestión colectiva de los derechos de autor y de los derechos afines -- Acciones penales y civiles de derecho de autor. 0aDerechos de autor 4aLeyeszRepública Dominicana 0aGaceta judicial. Colección manuales